[Event "Tehran Alborz op 1st"]
[Site "Tehran"]
[Date "2014.03.07"]
[Round "3"]
[White "Asgari, Morteza"]
[Black "Sheikhi Narani, Saeid"]
[Result "1-0"]
[WhiteElo "2279"]
[BlackElo "2086"]
[PlyCount "73"]
[EventDate "2014.03.06"]
[EventType "swiss"]
[EventRounds "11"]
[EventCountry "IRI"]
[SourceTitle "CBM 159 Extra"]
[Source "ChessBase"]
[SourceDate "2014.04.24"]
[SourceVersion "1"]
[SourceVersionDate "2014.04.24"]
[SourceQuality "1"]

1. e4 c5 2. Nf3 Nc6 3. d4 cxd4 4. Nxd4 Nf6 5. Nc3 e5 6. Ndb5 d6 7. Bg5 a6 8. Na3 b5 9. Nd5 Be7 10. Bxf6 Bxf6 11. c4 b4 12. Nc2 a5 13. Qf3 Bg5 14. h4 Bh6 15. g4 Bf4 16. Nxf4 exf4 17. Qxf4 0-0 18. Be2 Ne5 19. Ne3 Be6 20. h5 Rc8 21. b3 f6 22. Qg3 Qb6 23. Rd1 Qb7 24. f4 Qxe4 25. Kf2 Qc6 26. fxe5 fxe5+ 27. Kg1 Rf4 28. Kh2 Rcf8 29. Rhf1 Qe4 30. Bd3 Qa8 31. Nf5 g6 32. Rxf4 exf4 33. Qxf4 gxf5 34. gxf5 Bc8 35. Be4 Bb7 36. Rg1+ Kf7 37. Qh6 1-0